Allies of the night / (Record no. 32660)

MARC details
000 -LEADER
fixed length control field 02307nam a2200337 a 4500
005 - DATE AND TIME OF LATEST TRANSACTION
control field 2009121202572.0
008 - FIXED-LENGTH DATA ELEMENTS--GENERAL INFORMATION
fixed length control field 060711r20081994mnua j 000 1 eng
010 ## - LCCN (DPL NO)
LC control number B-385168-176
020 ## - INTERNATIONAL STANDARD BOOK NUMBER
International Standard Book Number 9780007255702
Terms of availability 150.00
035 ## - SYSTEM CONTROL NUMBER
System control number B-385168-176
037 ## - SOURCE OF ACQUISITION
Source of stock number/acquisition Blueberry Books
040 ## - CATALOGING SOURCE
Original cataloging agency dpl
Language of cataloging English
082 ## - DEWEY DECIMAL CLASSIFICATION NUMBER
Classification number N
100 ## - MAIN ENTRY--PERSONAL NAME
Personal name Shan, Darren
245 ## - TITLE STATEMENT
Title Allies of the night /
Statement of responsibility, etc by Darren Shan
Remainder of title
260 ## - PUBLICATION, DISTRIBUTION, ETC. (IMPRINT)
Name of publisher, distributor, etc HarperCollins Publishers
Date of publication, distribution, etc 2007
Place of publication, distribution, etc New York
270 ## - ADDRESS
Address 10 East 53rd Street
City New York
Postal code 1022
300 ## - PHYSICAL DESCRIPTION
Extent 186p.
Dimensions 20cm(pbk)
490 ## - SERIES STATEMENT
Series statement the saga of Darren Shan; book 8
942 ## - ADDED ENTRY ELEMENTS (KOHA)
Source of classification or shelving scheme Dewey Decimal Classification
Item type Children Books
Call number suffix SHA
Classification part N
Holdings
Withdrawn status Lost status Source of classification or shelving scheme Damaged status Not for loan Collection code Home library Current library Date acquired Source of acquisition Cost, normal purchase price Total Checkouts Total Renewals Full call number Barcode Date last seen Copy number Cost, replacement price Koha item type Checked out
    Dewey Decimal Classification     Fiction Bawana Bawana 17/06/2010 Blueberry Books/5571/27.3.10/157/27.1.10/27.3.10 150.00     N SHA B-385175 17/06/2010 1 150.00 Children Books  
    Dewey Decimal Classification     Fiction Central Library Central Library 17/06/2010 Blueberry Books/5571/27.3.10/157/27.1.10/27.3.10 150.00 4 1 N SHA B-385168 30/10/2023 1 150.00 Children Books  
    Dewey Decimal Classification     Fiction Vinoba Puri D.B.Act.Division 17/06/2010 Blueberry Books/5571/27.3.10/157/27.1.10/27.3.10 150.00 3   N SHA B-385173 13/12/2011 1 150.00 Children Books 27/12/2011
    Dewey Decimal Classification     Fiction Janak Puri Janak Puri 17/06/2010 Blueberry Books/5571/27.3.10/157/27.1.10/27.3.10 150.00 23 1 N SHA B-385170 26/02/2026 1 150.00 Children Books  
    Dewey Decimal Classification     Fiction Narela Narela 17/06/2010 Blueberry Books/5571/27.3.10/157/27.1.10/27.3.10 150.00     N SHA B-385174 17/06/2010 1 150.00 Children Books  
  Written-off vide DLB M. No. 383 dt 16.05.19 Dewey Decimal Classification     Fiction Patel Nagar Patel Nagar 17/06/2010 Blueberry Books/5571/27.3.10/157/27.1.10/27.3.10 150.00     N SHA B-385169 17/06/2010 1 150.00 Children Books  
    Dewey Decimal Classification     Fiction R.K.Puram-8 R.K.Puram-8 17/06/2010 Blueberry Books/5571/27.3.10/157/27.1.10/27.3.10 150.00 2 2 N SHA B-385172 05/01/2023 1 150.00 Children Books  
    Dewey Decimal Classification     Fiction Sarojini Nagar Sarojini Nagar 17/06/2010 Blueberry Books/5571/27.3.10/157/27.1.10/27.3.10 150.00 2   N SHA B-385171 02/05/2024 1 150.00 Children Books  
    Dewey Decimal Classification     Fiction Shahdara Branch Shahdara Branch 17/06/2010 Blueberry Books/5571/27.3.10/157/27.1.10/27.3.10 150.00 6   N SHA B-385176 04/06/2024 1 150.00 Children Books  

© Delhi Public Library
Hit Counter
free hit counter